00525nam a2200145Ia 4500003000400000020001800004082001500022100002000037245005400057260005000111300001000161650001300171653017800184700001700362SGT a9788120337190 a302.2bSHA aSangeeta Sharma aCommunication Skills for Engineers and Scientists bPHI Learning Private LimitedaNew Delhic2009 a353p. aENGLISH  aTECHNICAL REPORT WRITING: AN OVERVIEW, COMMUNICATION BREAKDOWN, LISTENING, BUSINESS LETTERS, TYPES OF BUSINESS LETTERS, SAMPLE REPORT, COMMUNICATION WITHOUT WORDS, SPEECHES  aBinod Mishra